[Event "Nord West Cup 3rd"]
[Site "Oldenburg"]
[Date "2001.02.04"]
[Round "7"]
[White "Leppert, Hans Juergen"]
[Black "John, Oliver"]
[Result "1/2-1/2"]
[WhiteElo "1804"]
[BlackElo "1623"]
[PlyCount "115"]
[EventDate "2001.02.01"]
[EventType "swiss"]
[EventRounds "7"]
[EventCountry "GER"]
[SourceTitle "EXT 2010"]
[Source "ChessBase"]
[SourceDate "2010.11.25"]
[SourceVersion "1"]
[SourceVersionDate "2010.11.25"]
[SourceQuality "1"]

1. d4 Nf6 2. Bg5 d6 3. Bxf6 exf6 4. c4 f5 5. e3 g6 6. Nc3 Bg7 7. g3 Nd7 8. Bg2 0-0 9. Nge2 Re8 10. 0-0 Nf6 11. b4 Rb8 12. a4 c5 13. bxc5 dxc5 14. d5 a6 15. Rb1 Ne4 16. Nxe4 fxe4 17. Qc2 f5 18. Nc3 Qd6 19. a5 Qd8 20. Rb6 Be5 21. Na4 Bc7 22. Rbb1 Bd6 23. Nb6 Qe7 24. Rb3 Bd7 25. Rfb1 Red8 26. Qb2 h5 27. Nxd7 Rxd7 28. Rb6 Qg7 29. Qxg7+ Kxg7 30. Bf1 Kf6 31. Be2 Ke5 32. Bd1 Rdd8 33. Ba4 g5 34. Rxb7 Rxb7 35. Rxb7 Rb8 36. Bc6 Rxb7 37. Bxb7 Bc7 38. Bxa6 Bxa5 39. Kg2 f4 40. exf4+ gxf4 41. gxf4+ Kxf4 42. d6 h4 43. Bb7 Bd8 44. d7 e3 45. f3 Ba5 46. Kf1 Ke5 47. Bc6 Kf4 48. Ke2 Bd8 49. Kd3 Bf6 50. Ke2 Bd8 51. Ba4 Bg5 52. Bd1 Ke5 53. Kd3 Kf5 54. Bc2 Kf4 55. Bd1 Ke5 56. d8Q Bxd8 57. Kxe3 Ke6 58. f4 1/2-1/2